Modern power systems (Record no. 10986)

000 -LEADER
fixed length control field 00577nam a2200205 4500
001 - CONTROL NUMBER
control field 10986
003 - CONTROL NUMBER IDENTIFIER
control field BD-DhUET
008 - FIXED-LENGTH DATA ELEMENTS--GENERAL INFORMATION
fixed length control field 710617s1971 paua 001 0 eng
020 ## - INTERNATIONAL STANDARD BOOK NUMBER
International Standard Book Number 0700222898
040 ## - CATALOGING SOURCE
Original cataloging agency DLC
Transcribing agency DLC
Modifying agency BD-DhUET
082 00 - DEWEY DECIMAL CLASSIFICATION NUMBER
Classification number 623.191
Item number NEU/1971
100 1# - MAIN ENTRY--PERSONAL NAME
Personal name Neuenswander, John R.
245 10 - TITLE STATEMENT
Title Modern power systems
250 ## - EDITION STATEMENT
Edition statement 1st ed.
260 ## - PUBLICATION, DISTRIBUTION, ETC. (IMPRINT)
Place of publication, distribution, etc. New York
Name of publisher, distributor, etc. International Textbook
Date of publication, distribution, etc. 1971
300 ## - PHYSICAL DESCRIPTION
Extent xii, 411 p.
Other physical details illus.
Dimensions 24 cm.
490 0# - SERIES STATEMENT
Series statement The International series in electrical engineering
650 #0 - SUBJECT ADDED ENTRY--TOPICAL TERM
Topical term or geographic name as entry element Transmission Electrical power
942 ## - ADDED ENTRY ELEMENTS (KOHA)
Koha item type General Book
Holdings
Koha normalized classification for sorting Shelving location Damaged status Lost status Koha date last seen Piece designation (barcode) Source of classification or shelving scheme Withdrawn status Koha item type Price effective from Sublocation or collection (holding branch) Koha full call number Copy number Not for loan Date acquired Location (home branch)
623_191000000000000_NEU_1971Circulation section  2015-02-1249566  General Book2015-02-12Central Library, BUET623.191/NEU/19711 2015-02-12Central Library, BUET
623_191000000000000_NEU_1971Circulation section  2015-02-1249305  General Book2015-02-12Central Library, BUET623.191/NEU/19712 2015-02-12Central Library, BUET
623_191000000000000_NEU_1971Circulation section  2015-02-1249567  General Book2015-02-12Central Library, BUET623.191/NEU/19713 2015-02-12Central Library, BUET
623_191000000000000_NEU_1971Circulation section  2015-02-1249569  General Book2015-02-12Central Library, BUET623.191/NEU/19714 2015-02-12Central Library, BUET
623_191000000000000_NEU_1971Circulation section  2015-02-2642088  General Book2015-02-26Central Library, BUET623.191/NEU/19715 2015-02-26Central Library, BUET
623_191000000000000_NEU_1971Circulation section  2015-02-2642089  General Book2015-02-26Central Library, BUET623.191/NEU/19716 2015-02-26Central Library, BUET
623_191000000000000_NEU_1971Circulation section  2015-06-0349568  General Book2015-06-03Central Library, BUET623.191/NEU/19717 2015-06-03Central Library, BUET